<?xml version="1.0" encoding="UTF-8"?>
<record
    xmlns:xsi="http://www.w3.org/2001/XMLSchema-instance"
    xsi:schemaLocation="http://www.loc.gov/MARC21/slim http://www.loc.gov/standards/marcxml/schema/MARC21slim.xsd"
    xmlns="http://www.loc.gov/MARC21/slim">

  <leader>01665cam a2200325 a 4500</leader>
  <controlfield tag="001">000014449</controlfield>
  <controlfield tag="005">20200929163843.0</controlfield>
  <controlfield tag="008">020317s2001    mx a     b    000 0 spa d</controlfield>
  <datafield tag="020" ind1=" " ind2=" ">
    <subfield code="a">9706690395</subfield>
  </datafield>
  <datafield tag="035" ind1=" " ind2=" ">
    <subfield code="a">(NcChMN)MN207BC005</subfield>
  </datafield>
  <datafield tag="040" ind1=" " ind2=" ">
    <subfield code="a">DO-SdBNP</subfield>
    <subfield code="b">spa</subfield>
    <subfield code="c">BNPHU</subfield>
    <subfield code="d">DLC</subfield>
  </datafield>
  <datafield tag="082" ind1=" " ind2=" ">
    <subfield code="a">307.1721</subfield>
    <subfield code="b">P712g</subfield>
  </datafield>
  <datafield tag="245" ind1="0" ind2="0">
    <subfield code="a">Planeaci&#xF3;n y gesti&#xF3;n urbana y metropolitana en M&#xE9;xico :</subfield>
    <subfield code="b">una revisi&#xF3;n a la luz de la globalizaci&#xF3;n /</subfield>
    <subfield code="c">compilador Roberto Garc&#xED;a Ortega ; con el apoyo de Alfonso X. Iracheta Cenecorta, Emilio Duhau.</subfield>
  </datafield>
  <datafield tag="260" ind1=" " ind2=" ">
    <subfield code="a">Zinacantepec :</subfield>
    <subfield code="b">Colegio de la Frontera Norte ;</subfield>
    <subfield code="b">Colegio Mexiquense,</subfield>
    <subfield code="c">2001.</subfield>
  </datafield>
  <datafield tag="300" ind1=" " ind2=" ">
    <subfield code="a">266 p. :</subfield>
    <subfield code="b">il. ;</subfield>
    <subfield code="c">23 cm.</subfield>
  </datafield>
  <datafield tag="490" ind1="1" ind2=" ">
    <subfield code="a">Colegio Mexiquense</subfield>
    <subfield code="v">172</subfield>
  </datafield>
  <datafield tag="504" ind1=" " ind2=" ">
    <subfield code="a">Bibliograf&#xED;as: p. 261-262.</subfield>
  </datafield>
  <datafield tag="500" ind1=" " ind2=" ">
    <subfield code="a">Los documentos resultantes del 1er Simposio sobre Planeaci&#xF3;n y Gesti&#xF3;n Urbana y Metropolitana de la Ciudad de M&#xE9;xico, que fue organizado febrero 25-26, 1999 en Monterrey, M&#xE9;xico por el Norte, el Colegio de la Frontera, entre ellos algunos ampliada o documentos actualizados.</subfield>
  </datafield>
  <datafield tag="650" ind1=" " ind2="4">
    <subfield code="a">Planificaci&#xF3;n del desarrollo</subfield>
    <subfield code="9">32601</subfield>
  </datafield>
  <datafield tag="650" ind1=" " ind2="4">
    <subfield code="a">Comunicaci&#xF3;n en planificaci&#xF3;n urbana</subfield>
    <subfield code="9">32602</subfield>
  </datafield>
  <datafield tag="651" ind1=" " ind2="4">
    <subfield code="a">Monterrey (M&#xE9;xico{Rpara}</subfield>
    <subfield code="9">32603</subfield>
  </datafield>
  <datafield tag="700" ind1="1" ind2=" ">
    <subfield code="a">Garc&#xED;a Ortega, Roberto,</subfield>
    <subfield code="e">comp.</subfield>
    <subfield code="9">32604</subfield>
  </datafield>
  <datafield tag="700" ind1="1" ind2=" ">
    <subfield code="a">Iracheta C., Alfonso X.</subfield>
    <subfield code="9">32605</subfield>
  </datafield>
  <datafield tag="700" ind1="1" ind2=" ">
    <subfield code="a">Duhau, Emilio.</subfield>
    <subfield code="9">32606</subfield>
  </datafield>
  <datafield tag="710" ind1="1" ind2=" ">
    <subfield code="a">Colegio de la Frontera Norte (Tijuana, Baja California, M&#xE9;xico)</subfield>
    <subfield code="9">31803</subfield>
  </datafield>
  <datafield tag="711" ind1="1" ind2=" ">
    <subfield code="a">Simposio sobre Planeaci&#xF3;n y Gesti&#xF3;n Urbana y Metropolitana en M&#xE9;xico</subfield>
    <subfield code="n">(1st :</subfield>
    <subfield code="d">1999 :</subfield>
    <subfield code="c">Monterrey, M&#xE9;xico)</subfield>
    <subfield code="9">32607</subfield>
  </datafield>
  <datafield tag="830" ind1=" " ind2="0">
    <subfield code="a">Colegio Mexiquense ;</subfield>
    <subfield code="v">172.</subfield>
    <subfield code="9">32608</subfield>
  </datafield>
  <datafield tag="910" ind1=" " ind2=" ">
    <subfield code="a">Catalogaci&#xF3;n por copia / LC</subfield>
  </datafield>
  <datafield tag="049" ind1=" " ind2=" ">
    <subfield code="a">BNGR</subfield>
  </datafield>
  <datafield tag="952" ind1=" " ind2=" ">
    <subfield code="0">0</subfield>
    <subfield code="1">0</subfield>
    <subfield code="5">0</subfield>
    <subfield code="7">1</subfield>
    <subfield code="8">MO</subfield>
    <subfield code="a">GR</subfield>
    <subfield code="b">GR</subfield>
    <subfield code="c">CT</subfield>
    <subfield code="d">2009-12-15</subfield>
    <subfield code="i">LF1</subfield>
    <subfield code="l">0</subfield>
    <subfield code="o">307.1721 P712g</subfield>
    <subfield code="p">14449-10</subfield>
    <subfield code="r">2020-06-25</subfield>
    <subfield code="w">2020-06-25</subfield>
    <subfield code="y">1</subfield>
    <subfield code="Z">No se presta</subfield>
  </datafield>
  <datafield tag="999" ind1=" " ind2=" ">
    <subfield code="c">14038</subfield>
    <subfield code="d">14038</subfield>
  </datafield>
</record>
